| 000 | 01101cam a2200265 i 4500 | ||
|---|---|---|---|
| 001 | 18473135 | ||
| 005 | 20220304143552.0 | ||
| 008 | 150130s2015 txu b 001 0 eng | ||
| 010 | _a 2014048043 | ||
| 020 | _a9781481303422 (hardback : alk. paper) | ||
| 020 | _a9781481304344 | ||
| 100 | 1 |
_aDavis, Stephen T., _d1940- |
|
| 245 | 1 | 0 |
_aAfter we die _h[electronic resource] : _btheology, philosophy, and the question of life after death / _cStephen T. Davis. |
| 260 |
_aWaco, Texas : _bBaylor University Press, _cc2015. |
||
| 300 | _a1 online resource | ||
| 336 |
_atext _btxt _2rdacontent |
||
| 337 |
_acomputer _bn _2rdamedia |
||
| 338 |
_aonline resource _bnc _2rdacarrier |
||
| 504 | _aIncludes bibliographical references (pages 155-162) and indexes. | ||
| 505 | _aSurvival of death theories -- Karma versus grace -- Resurrection -- Ascension and second coming -- Hell -- Purgatory -- Heaven | ||
| 650 | 0 |
_aFuture life _xChristianity. |
|
| 655 | 4 | _aElectronic books | |
| 856 | _uhttps://drive.google.com/file/d/1wLae701-SAHNRT_iEgZpgYA7-nHAzU46/view?usp=sharing | ||
| 942 |
_2lcc _cEBK |
||
| 999 |
_c50932 _d50932 |
||